Trouve la série à partir des acteurs - Statistiques

Statistiques générales
  • Ce quiz a été pris 297 fois
  • Le résultat moyen est 19 sur 50
Statistiques - réponses
Acteurs Série % Correct
Millie Bobby Brown / Finn Wolfhard / Noah Schnapp Stranger Things
87%
Jenna Ortega / Emma Myers / Christina Ricci Mercredi
82%
Leighton Meester / Ed Westwick / Blake Lively Gossip Girl
80%
Jennyfer aniston / Matthew Perry / Lisa Kudrow Friends
79%
Éric Judor / Jamel Debbouze / Ramzy Bedia H
79%
Zendaya / Sydney Sweeney / Hunter Schafer Euphoria
68%
Lili Reinhart / Cole Sprouse / Camila Mendes Riverdale
68%
Ester Expósito / Itzan Escamilla / Arón Piper Elite
65%
Ellen Pompeo / Patrick Dempsey / Sandra Oh Grey's anatomy
64%
Álvaro Morte / Úrsula Corberó / Pedro Alonso La Casa De Papel
60%
Cillian Murphy / Paul Anderson / Tom Hardy Peaky Blinders
59%
Eva Longoria / Marcia Cross / Felicity Huffman Desperate Housewives
57%
Penn Badgley / Victoria Pedretti / Elizabeth Lail You
55%
Lily Collins / Lucas Bravo / Camille Razat Emily in Paris
53%
Madelyn Cline / Chase Stokes / Rudy Pankow Outer Banks
53%
Lucy Hale / Ashley Benson / Shay Mitchel Pretty Little Liars
52%
Emilia Clarke / Sophie Turner / Maisie Williams Game of Thrones
51%
Kev Adams / Gaël Cottat / William Lebghi Soda
49%
Wentworth Miller / Dominic Purcell / Sarah Wayne Callies Prison Break
46%
Bryan Cranston / Aaron Paul / Anna Gunn Breaking Bad
45%
Hilarie Burton / Sophia Bush / Chad Michael Murray Les frères Scott
44%
Dylan Minnette / Alisha Boe / Katherine Langford 13 reasons why
43%
Eliza Taylor / Bob Morley / Marie Avgeropoulos The 100
41%
Ian Somerhalder / Nina Dobrev / Paul Wesley The vampires Diaries
40%
Aidan Gallagher / Elliot Page / Robert Michael Umbrella academy
39%
Norman Reedus / Andrew Lincoln / Melissa McBride The Walking Dead
38%
Tom Ellis / Lauren German / Kevin Alejandro Lucifer
36%
Joseph Morgan / Daniel Gillies / Phoebe Tonkin The Originals
33%
Holly Marie Combs / Shannen Doherty / Alyssa Milano Charmed
30%
Lola Tung / Gavin Casalegno / Christopher Briney L'été où je suis devenue jolie
27%
Jim Parsons / Kaley Cuoco / Johnny Galecki the Big Bang theory
26%
Sarah Michelle Gellar / Alyson Hannigan / David Boreanaz Buffy contre les vampires
25%
Pedro Pascal / Bella Ramsey / Nick Offerman The last of us
25%
Kit Connor / Joe Locke / Yasmin Finney Heartstopper
23%
Antonia Gentry / Brianne Howey / Felix Mallard Ginny and Georgia
20%
Matthew Gray Gubler / Shemar Moore / Thomas Gibson Esprits criminels
19%
Elizabeth Debicki / Olivia Colman / Imelda Staunton The Crown
19%
Jonathan Bailey / Phoebe Dynevor / Simone Ashley La Chronique des Bridgerton
18%
Taylor Schilling / Laura Prepon / Danielle Brooks Orange is the new black
18%
Gina Rodriguez / Justin Baldoni / Brett Dier Jane the Virgin
17%
Emmy Rossum / Jeremy Allen White / William H. Macy Shameless
16%
Melissa Benoist / Chyler Leigh / Katie McGrath Super Girl
15%
James Van Der Beek / Joshua Jackson / Katie Holmes Dawson
14%
Melissa Roxburgh / Joshua Dallas / Athena Karkanis Manifest
13%
Kiernan Shipka / Gavin Leatherwood / Ross Lynch Les nouvelles aventures de Sabrina
10%
Antony Starr / Karl Urban / Jack Quaid The boys
8%
Javicia Leslie / Brandon Routh / Cress Williams Flash
7%
Noah LaLonde / Nikki Rodriguez / Ashby Gentry Ma vie avec les Walters Boys
7%
Retta / Mae Whitman / Manny Montana Good Girls
5%
Alexis Bledel / Lauren Graham / Milo Ventimiglia Girlmore Girls
1%
Aucun quiz correspondant
Distribution des résultats
% des personnes avec chaque résultat
Percentile par nombre de réponses
Votre historique - résultats
Vous n’avez pas pris ce quiz